Statistics for Common Spanish Names Translation

Click here to take the quiz!

General Stats

  • This quiz has been taken 79 times
  • The average score is 13 of 15

Answer Stats

SpanishEnglish% Correct
AlejandroAlexander
100%
JorgeGeorge
99%
MarcoMark
99%
JuanJohn
97%
MarìaMary
97%
SusanaSusan
97%
MiguelMichael
94%
JaimeJames
90%
JoséJoseph
85%
EnriqueHenry
83%
AnaAnne
80%
GuillermoWilliam
80%
PabloPaul
79%
IsabelElizabeth
70%
JavierXavier
61%

Score Distribution

Percentile by Number Answered

Percent of People with Each Score

Your Score History

You have not taken this quiz